[Event "Challenge"]
[Site "http://www.queenalice.com/game.php?id=1773416"]
[Date "2021.10.29"]
[Round "-"]
[White "Marcoso"]
[Black "Buhrer"]
[Result "0-1"]
[WhiteElo "1132"]
[BlackElo "2038"]

1. e4 c5 2. Nf3 g6 3. Bc4 e6 4. O-O Bg7 5. d3 d5 6. Bb5+ Bd7 7. a4 Bxb5 8. axb5
Ne7 9. c3 O-O 10. Bf4 Qb6 11. Be3 Qxb5 12. Na3 Qc6 13. Bg5 Nc8 14. d4 dxe4 15.
Be7 Nxe7 16. Ng5 Nd7 17. Nc4 cxd4 18. Re1 Qxc4 19. Ra3 e3 20. cxd4 exf2+ 21.
Kxf2 Bxd4+ 22. Ree3 Bxe3+ 23. Rxe3 Rad8 24. Qe2 Qh4+ 25. g3 Qxg5 26. Rf3 Nf5 27.
h4 Qf6 28. g4 Qd4+ 29. Kg2 Nxh4+ 30. Kg3 Nxf3 31. Qxf3 Ne5 32. Qf4 Qd3+ 33. Kh4
Nf3+ 34. Kg3 Ng1+ 35. Qf3 Qxf3+ 36. Kh4 Qh3+ 37. Kg5 Kg7 38. Kf4 Rd4+ 39. Kg5
f6# 0-1

[Event "Challenge"]
[Site "http://www.queenalice.com/game.php?id=1773996"]
[Date "2021.11.4"]
[Round "-"]
[White "Buhrer"]
[Black "Marcoso"]
[Result "1-0"]
[WhiteElo "2036"]
[BlackElo "1132"]

1. e4 Nf6 2. Nc3 g6 3. Nf3 Bg7 4. d4 d6 5. Bc4 Nc6 6. O-O O-O 7. a3 h5 8. Nh4 e6
9. Nf3 e5 10. dxe5 Nxe5 11. Nxe5 Nd7 12. Nxg6 Ne5 13. Nxe5 Bg4 14. Nxg4 Qg5 15.
Bxg5 Rae8 16. Nh6+ Kh8 17. Nxf7+ Rxf7 18. Bxf7 Rf8 19. Qxh5+ Bh6 20. Qxh6# 1-0

[Event "Challenge"]
[Site "http://www.queenalice.com/game.php?id=1773997"]
[Date "2021.11.4"]
[Round "-"]
[White "Marcoso"]
[Black "Buhrer"]
[Result "0-1"]
[WhiteElo "1132"]
[BlackElo "2053"]

1. e4 c6 2. Nf3 d5 3. d4 Bg4 4. Nc3 e6 5. Be2 Bb4 6. O-O Bxc3 7. bxc3 Nf6 8. Ne5
Bxe2 9. Qxe2 Nxe4 10. Qf3 O-O 11. Rb1 Nd6 12. Ba3 Qc7 13. c4 Nd7 14. c5 Nxe5 15.
dxe5 Ne4 16. Rbc1 Nd2 17. Rfe1 Nxf3+ 18. gxf3 Qa5 19. c3 Qxa3 20. Rcd1 Qxc3 21.
Re2 f6 22. Re3 Qxc5 23. exf6 Rxf6 24. Rde1 Raf8 25. f4 Rxf4 26. Rf1 Rg4+ 27. Kh1
Qxe3 28. fxe3 Rxf1# 0-1

[Event "Let's Play Chess!"]
[Site "http://www.queenalice.com/game.php?id=1774108"]
[Date "2021.11.6"]
[Round "-"]
[White "Buhrer"]
[Black "igorjava"]
[Result "1-0"]
[WhiteElo "2059"]
[BlackElo "1975"]

1. e4 c5 2. Nc3 d6 3. Nf3 Nf6 4. Bb5+ Nc6 5. O-O Bg4 6. h3 Bh5 7. Re1 a6 8.
Bxc6+ bxc6 9. d3 e5 10. Bg5 h6 11. Bh4 g5 12. Bg3 Bg7 13. b3 O-O 14. Nb1 Nd7 15.
Nbd2 Nb6 16. Qc1 f5 17. c4 f4 18. Bh2 a5 19. Qd1 Ra7 20. Qc1 Qa8 21. Qc2 a4 22.
a3 Rb8 23. Reb1 axb3 24. Rxb3 Nd7 25. Rxb8+ Qxb8 26. a4 Bxf3 27. Nxf3 Qb4 28.
Ne1 Qa5 29. Qd1 Nb6 30. Qg4 Re7 31. Nf3 Nxa4 32. Qc8+ Kf7 33. Qxc6 Ra7 34. Qxd6
Qc3 35. Rf1 Re7 36. Qd5+ Kg6 37. Qc6+ Kf7 38. Qxa4 Qxd3 39. Re1 Qxe4 40. Rxe4
1-0

[Event "Challenge"]
[Site "http://www.queenalice.com/game.php?id=1775231"]
[Date "2021.11.20"]
[Round "-"]
[White "beginat63"]
[Black "Buhrer"]
[Result "1-0"]
[WhiteElo "1888"]
[BlackElo "1985"]

1. Nc3 e5 2. e4 Nf6 3. Bc4 Bc5 4. Nf3 d6 5. O-O Bg4 6. d3 O-O 7. Qe2 Nc6 8. Bg5
h6 9. Bh4 Bxf3 10. Qxf3 Nd4 11. Qd1 a6 12. Nd5 g5 13. Nxf6+ Qxf6 14. Bg3 b5 15.
Bd5 1-0

[Event "Challenge"]
[Site "http://www.queenalice.com/game.php?id=1775374"]
[Date "2021.11.22"]
[Round "-"]
[White "Buhrer"]
[Black "george941"]
[Result "0-1"]
[WhiteElo "2030"]
[BlackElo "1845"]

1. e4 e5 2. Nf3 Nc6 3. d4 Nxd4 4. Nxe5 Nc6 5. Nxc6 bxc6 6. Bd3 d6 7. Nc3 Nf6 8.
f4 Be7 9. O-O Bd7 10. Re1 O-O 11. e5 dxe5 12. Rxe5 Bg4 13. Qf1 Bd6 14. Re1 Nd5
15. Be4 Qf6 16. Qd3 Nxc3 0-1

[Event "Challenge"]
[Site "http://www.queenalice.com/game.php?id=1775375"]
[Date "2021.11.22"]
[Round "-"]
[White "george941"]
[Black "Buhrer"]
[Result "1-0"]
[WhiteElo "1868"]
[BlackElo "2007"]

1. d4 Nf6 2. c4 c5 3. d5 d6 4. Nf3 Bf5 5. e3 Bxb1 6. Rxb1 Qa5+ 7. Bd2 Qxa2 8.
Bd3 e6 9. dxe6 fxe6 10. O-O Nbd7 11. Bc3 Qa6 12. Ra1 Qc6 13. b4 Be7 14. b5 Qc7
15. Ba5 Qc8 16. Bc3 O-O 17. Ng5 Nb6 18. Qc2 1-0

[Event "Let's Play Chess!"]
[Site "http://www.queenalice.com/game.php?id=1775386"]
[Date "2021.11.22"]
[Round "-"]
[White "igorjava"]
[Black "Buhrer"]
[Result "1-0"]
[WhiteElo "1942"]
[BlackElo "2069"]

1. e4 c5 2. Nf3 g6 3. d4 d6 4. d5 Bg7 5. c4 Nf6 6. Nc3 Bg4 7. h3 Bxf3 8. Qxf3
O-O 9. Bd2 e5 10. Be2 Qb6 11. Rb1 Nbd7 12. O-O Rfd8 13. Bg5 Rab8 14. Qe3 a6 15.
Bh6 Bxh6 16. Qxh6 Rdc8 17. f4 Re8 18. f5 Rf8 19. h4 Rbc8 20. h5 gxh5 21. Bxh5
Ra8 22. g4 Qb4 23. g5 Nxh5 24. Qxh5 Qxc4 25. f6 Rfb8 26. Qh6 Qd4+ 27. Rf2 1-0

[Event "Let's Play Chess!"]
[Site "http://www.queenalice.com/game.php?id=1775387"]
[Date "2021.11.22"]
[Round "-"]
[White "Buhrer"]
[Black "igorjava"]
[Result "0-1"]
[WhiteElo "2080"]
[BlackElo "1936"]

1. e4 c5 2. Nf3 d6 3. d4 cxd4 4. Nxd4 Nf6 5. Nc3 h6 6. Bb5+ Bd7 7. O-O a6 8. Bd3
Nc6 9. Nf3 e5 10. Bc4 b5 11. Bb3 Be7 12. Qd3 O-O 13. Rd1 Nb4 14. Qe2 Nc6 15. Be3
Bg4 16. h3 Bh5 17. a3 Qb8 18. Rd2 Rd8 19. Rad1 Bf8 20. Ba2 Qb7 21. Qd3 Bg6 22.
Nh4 Bh7 23. Nf5 Bxf5 24. exf5 Ne7 25. g4 d5 26. f4 d4 27. Bxf7+ Kxf7 28. fxe5
dxe3 29. Qxe3 Rxd2 30. Rxd2 Nfd5 31. Qd4 Rd8 32. Qe4 Qb6+ 33. Qd4 Qxd4+ 34. Rxd4
Ke8 35. f6 gxf6 36. exf6 Nxf6 37. Rxd8+ Kxd8 0-1

[Event "Let's Play Chess!"]
[Site "http://www.queenalice.com/game.php?id=1775505"]
[Date "2021.11.24"]
[Round "-"]
[White "charles31"]
[Black "Buhrer"]
[Result "0-1"]
[WhiteElo "1668"]
[BlackElo "2078"]

1. Nc3 e5 2. e4 Nf6 3. Bb5 Bc5 4. d3 a6 5. Ba4 O-O 6. h3 d5 7. exd5 Nxd5 8. Nxd5
Qxd5 9. Qf3 c6 10. Bb3 Qd7 11. Ne2 Qf5 12. Qxf5 Bxf5 13. Bd2 Nd7 14. g4 Bg6 15.
f4 h6 16. h4 exf4 17. Bxf4 Rfe8 18. Rh2 Ne5 19. d4 Nf3+ 20. Kd1 Nxh2 21. Bxh2
Bb6 22. h5 Bh7 23. Bg1 Rad8 24. Kd2 Re4 25. c3 Rde8 26. Re1 Rxg4 27. Be3 Be4 28.
Rf1 Re7 29. Nf4 Bc7 30. Nd3 Bxd3 31. Kxd3 Rg3 32. Re1 Bf4 0-1

[Event "Challenge"]
[Site "http://www.queenalice.com/game.php?id=1775674"]
[Date "2021.11.26"]
[Round "-"]
[White "Buhrer"]
[Black "Olavio"]
[Result "0-1"]
[WhiteElo "1965"]
[BlackElo "2043"]

1. e4 e5 2. Nf3 d6 3. Bc4 Nc6 4. O-O Nf6 5. Ng5 d5 6. exd5 Nxd5 7. d4 Be7 8. Qf3
Bxg5 9. Bxd5 O-O 10. Bxg5 Qxg5 11. Bxc6 Bg4 12. Qg3 bxc6 13. h3 f5 14. hxg4 f4
15. Qb3+ Kh8 16. dxe5 Qxg4 17. Nd2 Rf5 18. Qb7 Raf8 19. Nf3 Rh5 20. Qxa7 Rh6 21.
Qc5 Re8 22. Rfd1 Qh5 23. Kf1 Qh1+ 24. Ke2 Qh5 25. g3 Rhe6 26. gxf4 Qf5 27. Qc4
Rf8 28. a4 g5 29. Nxg5 Rxe5+ 30. fxe5 Qxf2+ 31. Kd3 Rf4 32. Nf7+ Rxf7 33. Qxc6
Rf3+ 34. Kc4 Qxc2+ 35. Kd5 Qb3+ 36. Qc4 Qb7+ 37. Ke6 Rf8 38. a5 Qc8+ 39. Kd5
Qd7+ 40. Kc5 Qe7+ 41. Kc6 Qe8+ 42. Kd5 Rf5 0-1

[Event "Challenge"]
[Site "http://www.queenalice.com/game.php?id=1775675"]
[Date "2021.11.26"]
[Round "-"]
[White "Olavio"]
[Black "Buhrer"]
[Result "0-1"]
[WhiteElo "2001"]
[BlackElo "2060"]

1. e4 c5 2. Nf3 g6 3. Bc4 Bg7 4. c3 Nf6 5. d3 d6 6. O-O O-O 7. h3 Nc6 8. Bb3 a6
9. Be3 Qc7 10. Nbd2 Rd8 11. Nh2 b6 12. Ndf3 Rf8 13. d4 Nxe4 14. Qc2 Nf6 15. Ng5
Bf5 16. Qe2 Na5 17. Bc2 Bxc2 18. Qxc2 Nd5 19. dxc5 Nxe3 20. fxe3 Qxc5 21. Rf3
Qxg5 22. Rd1 Nc4 23. Rd3 Ne5 24. Rd5 Nxf3+ 25. Nxf3 Qxd5 26. e4 Qxa2 27. Kh2
Rfc8 28. Ng5 Bxc3 29. Qf2 Be5+ 30. g3 Qxb2 0-1

[Event "Challenge"]
[Site "http://www.queenalice.com/game.php?id=1775676"]
[Date "2021.11.27"]
[Round "-"]
[White "Buhrer"]
[Black "leoreis"]
[Result "1-0"]
[WhiteElo "2069"]
[BlackElo "1904"]

1. e4 e5 2. Nf3 Nc6 3. d4 exd4 4. Bc4 h6 5. c3 dxc3 6. Qb3 Qf6 7. Nxc3 Na5 8.
Qb5 Nxc4 9. Qxc4 c6 10. Be3 Qe6 11. Qa4 a6 12. O-O-O b5 13. Qc2 Nf6 14. Nd4 Qe5
15. Nf5 Bb4 16. Nxg7+ Kf8 17. f4 Qc7 18. Nf5 Ba5 19. Bd4 Qxf4+ 20. Be3 Qg4 21.
Bxh6+ Rxh6 22. Nxh6 Qg5+ 23. Kb1 Qxh6 24. h4 Bxc3 25. Qxc3 Nxe4 26. Qb4+ Kg7 27.
Qxe4 Qg6 28. Qxg6+ Kxg6 29. h5+ Kh6 30. Rd6+ Kh7 31. Re1 1-0

[Event "Challenge"]
[Site "http://www.queenalice.com/game.php?id=1775677"]
[Date "2021.11.27"]
[Round "-"]
[White "leoreis"]
[Black "Buhrer"]
[Result "0-1"]
[WhiteElo "1914"]
[BlackElo "2059"]

1. e4 c5 2. Nf3 d6 3. d4 cxd4 4. Nxd4 Bd7 5. Nc3 e5 6. Nf3 Nf6 7. Bd3 Be7 8. h3
Nc6 9. O-O O-O 10. a3 Rc8 11. Nd5 Be6 12. Nxe7+ Qxe7 13. Bg5 Rfe8 14. c3 Rc7 15.
Bc2 Rec8 16. Bxf6 Qxf6 17. Qxd6 Rd7 18. Qc5 Bxh3 19. Nh2 Qg6 20. g3 Bxf1 21.
Nxf1 Rcd8 22. Qe3 a6 23. Kg2 Ne7 24. Rc1 Nc6 25. Ba4 b5 26. Bc2 Na5 27. Qe2 Nc4
28. Bb3 Qc6 29. Kg1 h6 30. Bxc4 bxc4 0-1

[Event "Let's Play Chess!"]
[Site "http://www.queenalice.com/game.php?id=1777299"]
[Date "2021.12.16"]
[Round "-"]
[White "charles31"]
[Black "Buhrer"]
[Result "0-1"]
[WhiteElo "1586"]
[BlackElo "2074"]

1. Nc3 e5 2. e4 Bb4 3. d3 Bxc3+ 4. bxc3 d6 5. h3 Ne7 6. Bg5 O-O 7. d4 f6 8. Bh4
Be6 9. dxe5 Ng6 10. exf6 Nxh4 11. g3 Ng6 12. fxg7 Rf7 13. f3 Qf6 14. Bd3 Qxc3+
15. Ke2 Qxg7 16. Rh2 Nd7 17. Qf1 Raf8 18. Rf2 a6 19. f4 Nge5 20. Qg2 Nxd3 21.
Rb1 Nxf2 22. Qxf2 Bc4+ 23. Kd1 Nc5 24. Ne2 Nxe4 25. Qf3 Bxe2+ 26. Qxe2 Nc3+ 0-1

[Event "Challenge"]
[Site "http://www.queenalice.com/game.php?id=1777543"]
[Date "2021.12.18"]
[Round "-"]
[White "Buhrer"]
[Black "leoreis"]
[Result "0-1"]
[WhiteElo "2078"]
[BlackElo "1865"]

1. e4 e5 2. Nf3 Nc6 3. Bc4 d6 4. O-O h6 5. Nc3 Nf6 6. d3 Be7 7. Nd5 Nxd5 8. Bxd5
Nb4 9. Bb3 O-O 10. Bd2 Na6 11. Be3 Bg4 12. h3 Bh5 13. Bc4 Nb4 14. g4 Bg6 15. c3
Nc6 16. Bd5 Qd7 17. b3 Rab8 18. Qd2 b6 19. a3 Bf6 20. g5 hxg5 21. Bxg5 Bxg5 22.
Nxg5 Ne7 23. d4 Nxd5 24. exd5 f6 25. Ne4 Bxe4 26. Rfe1 f5 27. dxe5 dxe5 28. c4
c6 29. f3 Bxf3 0-1

[Event "Challenge"]
[Site "http://www.queenalice.com/game.php?id=1777544"]
[Date "2021.12.18"]
[Round "-"]
[White "leoreis"]
[Black "Buhrer"]
[Result "1-0"]
[WhiteElo "1890"]
[BlackElo "2053"]

1. e4 c5 2. Nf3 g6 3. d4 cxd4 4. Nxd4 Nc6 5. Nxc6 bxc6 6. Nc3 Bg7 7. Bd2 Rb8 8.
Rb1 Qb6 9. b3 Nf6 10. Bd3 O-O 11. O-O Re8 12. Be3 Qa5 13. Bd2 a6 14. a4 Bb7 15.
Ne2 Qb6 16. Be3 c5 17. Bc4 Bxe4 18. Nc3 Bb7 19. Be2 Red8 20. Bf3 Bxf3 21. Qxf3
d6 22. h3 Qb7 23. Qxb7 Rxb7 24. Rfd1 Rdb8 25. Re1 Ng4 26. Nd5 Nxe3 27. Nxe3 h6
28. Nd5 e6 29. Nf4 Rb4 30. Nd3 1-0